|
|
|
|
| LEADER |
00000nab a2200000 a 4500 |
| 001 |
vtls000905975 |
| 003 |
SK-MaSNL |
| 005 |
20260305003831.0 |
| 008 |
040720e20010118xo 0 slo |
| 035 |
|
|
|a KE14920
|
| 040 |
|
|
|a KEVKJB
|b slo
|c KEVKJB
|e AACR2
|
| 041 |
0 |
|
|a slo
|
| 044 |
|
|
|a xo
|c SK
|
| 080 |
|
|
|a 785.7
|2 1981
|
| 100 |
1 |
|
|a Vejačková, Andrea
|4 aut
|9 877608
|
| 245 |
1 |
0 |
|a "Kórejské vyjednávanie má špecifickú príchuť"
|b Štátna filharmónia Košice nás bude reprezentovať na ázijskom kontinente
|
| 300 |
|
|
|b 2 obr.
|
| 610 |
2 |
7 |
|a Štátna filharmónia Košice
|2 KEVKJB
|9 56989
|
| 650 |
0 |
7 |
|a zájazdy zahraničné
|2 KEVKJB
|9 880222
|
| 651 |
|
7 |
|a Košice (Slovensko)
|2 KEVKJB
|9 18694
|
| 651 |
|
7 |
|a KE,
|2 KEVKJB
|9 877256
|
| 655 |
|
7 |
|a periodikum
|2 KEVKJB
|9 29553
|
| 655 |
|
7 |
|a rozhovory
|2 KEVKJB
|9 31831
|
| 700 |
1 |
|
|a Klein, Július,
|d 1954-
|4 aut
|9 126096
|
| 710 |
2 |
|
|a Štátna filharmónia Košice
|4 aut
|9 56989
|
| 773 |
0 |
8 |
|t Košický večer
|g Roč. 12
|g Roč. 33, č.13, 18.1.2001, s. 5
|
| 852 |
|
|
|a ZVYKNI
|b KIS3GCP
|
| 999 |
|
|
|c 3232621
|d 3234551
|